| Tag |
First Indicator |
Second Indicator |
Subfields |
| LEADER |
00000cam a2200000La 4500 |
| 001 |
in00002247113 |
| 005 |
20190326183548.0 |
| 006 |
m u |
| 007 |
cr cn| |
| 008 |
020613s1999 txu srs 000 0 eng d |
| 020 |
|
|
|a 1891775626 (electronic bk.)
|
| 020 |
|
|
|a 9781891775628 (electronic bk.)
|
| 035 |
|
|
|a (OCoLC)ocm50322461
|
| 035 |
|
|
|a (OCoLC)50322461
|
| 040 |
|
|
|a N$T
|c N$T
|d OCLCQ
|d UtOrBLW
|
| 043 |
|
|
|a n-us---
|
| 049 |
|
|
|a TXAM
|
| 050 |
1 |
4 |
|a HD9502.U52
|b P62 1999eb
|
| 100 |
1 |
|
|a Plunkett, Jack W.
|
| 245 |
1 |
0 |
|a Plunkett's energy industry almanac :
|b the only complete guide to the American energy & utlitas printed] industry /
|c [editor] Jack W. Plunkett.
|
| 246 |
3 |
|
|a Only complete guide to the American energy and utilities industry
|
| 246 |
3 |
0 |
|a Energy industry almanac
|
| 264 |
|
1 |
|a Houston, Tex. :
|b Plunkett Research,
|c [1999]
|
| 264 |
|
4 |
|c ©1999
|
| 300 |
|
|
|a 587 pages
|
| 336 |
|
|
|a text
|b txt
|2 rdacontent
|
| 337 |
|
|
|a computer
|b c
|2 rdamedia
|
| 338 |
|
|
|a online resource
|b cr
|2 rdacarrier
|
| 533 |
|
|
|a Electronic reproduction.
|b Boulder, Colo. :
|c NetLibrary,
|d 2002.
|n Available via World Wide Web.
|n Access may be limited to NetLibrary affiliated libraries.
|
| 500 |
|
|
|a Electronic resource.
|
| 650 |
|
0 |
|a Energy industries
|z United States
|v Directories.
|
| 650 |
|
0 |
|a Energy industries
|z United States
|v Statistics.
|
| 650 |
|
0 |
|a Power resources
|z United States.
|
| 655 |
|
7 |
|a Electronic books.
|2 local
|
| 710 |
2 |
|
|a NetLibrary, Inc.
|
| 710 |
2 |
|
|a Plunkett Research, Ltd.
|
| 776 |
1 |
|
|c Original
|z 1891775626
|
| 856 |
4 |
0 |
|u http://proxy.library.tamu.edu/login?url=http://www.netLibrary.com/urlapi.asp?action=summary&v=1&bookid=68041
|z Connect to the full text of this electronic book
|t 0
|
| 994 |
|
|
|a 92
|b TXA
|
| 999 |
|
|
|a MARS
|
| 999 |
f |
f |
|s 767b2481-29c5-3e67-b71d-2f7e78daad23
|i 93864e9d-4657-3626-ac07-e26ec564c1e6
|t 0
|
| 952 |
f |
f |
|a Texas A&M University
|b College Station
|c Electronic Resources
|d Available Online
|t 0
|e HD9502.U52 P62 1999eb
|h Library of Congress classification
|
| 998 |
f |
f |
|a HD9502.U52 P62 1999eb
|t 0
|l Available Online
|